000 00571cam a2200169 4500500
005 20260329015135.0
041 _afre
042 _adc
100 1 0 _aJoindot, Irène
_eauthor
700 1 0 _aGenay, Naveena
_eauthor
700 1 0 _aChanclou, Philippe
_eauthor
245 0 0 _aMeasurements on optoelectronic emission components
260 _c2026.
500 _a12
786 0 _nElectronic measurements and tests | - | 2026-03-05 | p. 14-14
856 4 1 _uhttps://stm.cairn.info/telecommunications-measurement--bdti42317210-r1178-page-14?lang=en&redirect-ssocas=7080
999 _c1894932
_d1894932